000 00467nam a2200193Ia 4500
005 20240823055340.0
008 240823s9999||||xx |||||||||||||| ||und||
020 _a0-412-08061-1
041 _aENGLISH
082 _A519.535 P9
100 _aSchafer J L
245 0 _aAnalysis of Incomplete Multivariate Data
250 _a1st
260 _c2009
_bChapman & Hal
500 _aYES
650 _aMultivariate Data
_bMathematics
942 _cBK
999 _c228579
_d228579